Ekonomika pre študijné odbory stredných odborných škôl

Bibliographic Details
Main Authors: Jakubeková, Miroslava (Author), Kúrňavová, Soňa (Author), Hartmannová, Eva (Author)
Format: Book
Language:Slovak
PhysicalDescription:175 s. grafy, sch., tab. 30 cm
Published: Bratislava Slovenské pedagogické nakladateľstvo - Mladé letá 2012
ISBN:9788010018567
Edition:4. upr. vyd.
Subjects:

MARC

LEADER 00000nam a2200000 a 4500
001 vtls010471274
003 SK-MaSNL
005 20260301174102.0
008 240314s2012 xo dl e p 000 0 slo
015 |a SNBA2013 
020 |a 9788010018567  |q (brož.) 
035 |a DF64D6BB-DC2B-4E55-9429-4E25ED83463E 
035 |a urn:nbn:sk:snk-amjydp 
035 |a urn:nbn:sk:snk-am00865c 
040 |a SNK  |b slo  |c SNK  |e AACR2 
041 0 |a slo 
044 |a xo  |c SK 
072 7 |a 33  |x Ekonómia  |2 konspekt 
072 7 |a 37.016  |x Učebné osnovy. Vyučovacie predmety. Učebnice  |2 konspekt 
080 |a 33  |2 2001 
080 |a (075.8)  |2 2001 
100 1 |a Jakubeková, Miroslava  |4 aut  |9 44542 
245 1 0 |a Ekonomika pre študijné odbory stredných odborných škôl  |c Miroslava Jakubeková, Soňa Kúrňavová, Eva Hartmannová 
250 |a 4. upr. vyd. 
260 |a Bratislava  |b Slovenské pedagogické nakladateľstvo - Mladé letá  |c 2012 
300 |a 175 s.  |b grafy, sch., tab.  |c 30 cm 
504 |a Bibliogr. s. 173 
650 0 7 |a ekonomika  |2 SNKPH  |9 789 
650 0 7 |a Economics  |2 SNKPHeng  |9 265310 
655 7 |a učebnice stredných škôl  |2 SNKPH  |9 69323 
655 7 |a Textbooks (secondary)  |2 SNKPHeng  |9 276359 
700 1 |a Kúrňavová, Soňa  |4 aut  |9 361041 
700 1 |a Hartmannová, Eva  |4 aut  |9 319441 
852 |a Štátna vedecká knižnica v Banskej Bystrici 
919 |a 978-80-10-01856-7 
958 |a NB 
999 |c 838639  |d 840569 
952 |a SNK  |b SNK  |y PREZ  |7 0  |p 17A1061206  |o snkSB 84412  |i snk2013/1914  |8 0  |0 0  |1 0  |4 0  |d 2013-01-25  |f 1  |l 0  |r 2025-05-07 00:00:00  |w 2026-02-24 
952 |a SNK  |b SNK  |y VYP  |7 0  |p 17A1061207  |o snkSB 84412 D1  |i snk2013/1915  |8 0  |0 0  |1 0  |4 0  |d 2013-01-25  |l 0  |r 2016-06-30 00:00:00  |w 2026-02-24